ওজারতির দুই বছর / (Record no. 104874)
[ view plain ]
| 000 -LEADER | |
|---|---|
| fixed length control field | 00650nam a22001817a 4500 |
| 003 - CONTROL NUMBER IDENTIFIER | |
| control field | BD-DhUL |
| 005 - DATE AND TIME OF LATEST TRANSACTION | |
| control field | 20160908162021.0 |
| 008 - FIXED-LENGTH DATA ELEMENTS--GENERAL INFORMATION | |
| fixed length control field | 160905b1972 bg ||||| |||| 00| 0 ben d |
| 040 ## - CATALOGING SOURCE | |
| Transcribing agency | BD-DhUL |
| 082 ## - DEWEY DECIMAL CLASSIFICATION NUMBER | |
| Classification number | 954.92 |
| Item number | ATO |
| 100 #1 - MAIN ENTRY--PERSONAL NAME | |
| Personal name | খান, আতাউর রহমান |
| 245 ## - TITLE STATEMENT | |
| Title | ওজারতির দুই বছর / |
| Statement of responsibility, etc. | আতাউর রহমান খান |
| 260 ## - PUBLICATION, DISTRIBUTION, ETC. (IMPRINT) | |
| Place of publication, distribution, etc. | ঢাকা : |
| Name of publisher, distributor, etc. | নওরোজ কিতাবিস্তান, |
| Date of publication, distribution, etc. | ১৯৭২ |
| 300 ## - PHYSICAL DESCRIPTION | |
| Extent | ৩৩৪ পৃ. : |
| Dimensions | ২০ সে.মি. |
| 650 #0 - SUBJECT ADDED ENTRY--TOPICAL TERM | |
| Topical term or geographic name as entry element | বাংলাদেশ-ইতিহাস |
| 650 #0 - SUBJECT ADDED ENTRY--TOPICAL TERM | |
| Topical term or geographic name as entry element | Bangladesh-history |
| 942 ## - ADDED ENTRY ELEMENTS (KOHA) | |
| Source of classification or shelving scheme | |
| Koha item type | Books |
| Price effective from | Date last seen | Permanent Location | Not for loan | Date acquired | Source of classification or shelving scheme | Koha item type | Lost status | Withdrawn status | Copy number | Source of acquisition | Collection code | Damaged status | Shelving location | Barcode | Current Location | Full call number |
|---|---|---|---|---|---|---|---|---|---|---|---|---|---|---|---|---|
| 2016-09-08 | 2016-09-08 | Dhaka University Library | 2016-09-08 | Books | 1 | Purchased | Non Fiction | General Stacks | A135575 | Dhaka University Library | 954.92 ATO | |||||
| 2017-05-08 | 2017-05-08 | Dhaka University Library | Not For Loan | 2017-05-08 | Books | 1 | gift | Non Fiction | Dr. Aftab Ahmed Collection | 438859 | Dhaka University Library | 954.92 ATO | ||||
| 2017-07-13 | 2017-07-13 | Dhaka University Library | Not For Loan | 2017-07-13 | Books | 3 | Reference | Reference | A272954 | Dhaka University Library | 954.92 ATO |
